1588 1470 1597 1235 1049 1152 1497 1829 1176 1348 1279 1606 1641 1854 1233 1299 1473 1798 1168 1188 1564 1427 1212 1657 1438 1508 1030 1243 1505 1960 1034 1560 1028 1578 1391 1416 1106 1015 1099 1708 1678 1254 1328 1379 1596 1571 1597 1137 1489 1823 1481 1835 1081 1906 1524 1718 1828 1909 1471 1990 1627 1697 1693 1850 1549 1062 1912 1617 1748 1173 1135 1473 1865 1119 1670 1402 1671 1520 1933 1545 1042 1512 1504 1947 1651 1524 1011 1749 1379 1210 1979 1346 1712 1012 1236 1127 1165 1231 1768 BCNSPRNW ULIB Ver.6.0+V

เปลี่ยนเป็นภาษาไทย

Change to English
 แสดงรายละเอียดบรรณานุกรม
  กลับหน้าหลัก

Brief Record : Get Marc (ISO 2709) : E-mail record : QR code < ปิดหน้าต่าง
LEADER : 00000nam 2200000uu 4500
001    13399129110
003     ULIB
008    020711s2025 th a 000 0 eng d
020    ^a9780729544603
060    ^aWQ100^bR819P
100    ^aRoslyn Donnellan - Fernandez, Maryam Bazargan, Clare Davison, Michelle Gray, and Kirsten Small
245    ^aPharmacology in Midwifery
250    ^a1st ed
260    ^aAustralia :^bELSEVIER,^c2025
300    ^a457 pages;^c30 cm
650    ^aMidwifery
650    ^aPharmacology
945    ^p1853^l0^i011867
999    ^aประนอม เกษจรัล
รายการนี้ยังไม่มีแท็ก
คุณยังไม่ได้ล็อกอิน คุณสามารถมีกิจกรรมร่วมกับเว็บไซต์ได้ แต่ต้องล็อกอินก่อน ::
  ล็อกอิน

รายการสื่อสารสนเทศ

ลำดับที่ ประเภท เลขเรียก/บาร์โค้ด สถานที่ สถานะ
1. วิทยาศาสตร์การแพทย์ และสุขภาพ
หนังสือสำรอง
สถานะ=หนังสือสำรอง
WQ100 R819P ฉ.1 
  Barcode: 011867
ห้องสมุดวิทยาเขตสวรรค์ประชารักษ์
►หนังสือทั่วไป
บนชั้น

รายการใกล้เคียง
    หัวเรื่อง [Midwifery]
    หัวเรื่อง [Pharmacology]

BibComment


ยังไม่เคยถูกคอมเมนท์

คอมเมนท์ทรัพยากรรายการนี้
  คอมเมนท์: Pharmacology in ..


 Copyright 2026. Bcnsprnw @Library